1628 1370 1974 1375 1288 1847 1365 1800 1894 1176 1189 1096 1468 1412 1420 1923 1927 1071 1970 1972 1219 1630 1058 1495 1035 1142 1940 1434 1801 1987 1482 1268 1201 1308 1787 1428 1098 1589 1487 1109 1756 1746 1490 1102 1026 1511 1999 1916 1119 1371 1503 1912 1857 1758 1585 1865 1118 1035 1791 1900 1227 1324 1190 1425 1463 1215 1595 1567 1628 1795 1192 1553 1269 1920 1726 1877 1230 1178 1440 1731 1399 1869 1073 1445 1761 1914 1899 1263 1054 1227 1001 1733 1304 1653 1514 1647 1330 1907 1952 BCNSPRNW ULIB Ver.6.0+V

เปลี่ยนเป็นภาษาไทย

Change to English
 แสดงรายละเอียดบรรณานุกรม
  กลับหน้าหลัก

Brief Record : Get Marc (ISO 2709) : E-mail record : QR code < ปิดหน้าต่าง
LEADER : 00000nam 2200000uu 4500
001    13399122117
003     ULIB
008    121227s2552||||th 000 0 tha d
020    ^a9786115510115
060 04 ^aWH100^bน190E 2552
100 0  ^aนภชาญ เอื้อประเสริฐ
245 00 ^aEssential hematology for general practitioner (ฉบับปรับปรุงแก้ไข) /^cบรรณาธิการ,นภชาญ เอื้อประเสริฐ,อุดมศักดิ์ บุญวรเศรษฐ์
250    ^aพิมพ์ครั้งที่ 1
260    ^aกรุงเทพฯ :^bสาขาวิชาโลหิตวิทยา ภาควิชาอายุรศาสตร์คณะแพทยศาสตร์ จุฬาลงกรณ์มหาวิทยาลัย,^c2552
300    ^a405 หน้า :^bภาพประกอบ ;^c26 ซม.
650  7 ^aเลือด, โรค^xการรักษา
650  7 ^aเลือด, โรค^xการวินิจฉัย
650  7 ^aโลหิตวิทยา
700 0  ^aอุดมศักดิ์ บุญวรเศรษฐ์,^eบรรณาธิการ
710 2  ^aจุฬาลงกรณ์มหาวิทยาลัย.^bคณะแพทยศาสตร์.^bภาควิชาอายุรศาสตร์.^bสาขาวิชาโลหิตวิทยา
945    ^p350^l0^i15723
995    ^aทศพร
999    ^aทศพร เกษรทอง
รายการนี้ยังไม่มีแท็ก
คุณยังไม่ได้ล็อกอิน คุณสามารถมีกิจกรรมร่วมกับเว็บไซต์ได้ แต่ต้องล็อกอินก่อน ::
  ล็อกอิน

รายการสื่อสารสนเทศ

ลำดับที่ ประเภท เลขเรียก/บาร์โค้ด สถานที่ สถานะ
- ไม่พบข้อมูล -

รายการใกล้เคียง
    ผู้แต่ง [นภชาญ เอื้อประเสริฐ]

    หัวเรื่อง [โลหิตวิทยา]

BibComment


ยังไม่เคยถูกคอมเมนท์

คอมเมนท์ทรัพยากรรายการนี้
  คอมเมนท์: Essential hemato..


 Copyright 2026. Bcnsprnw @Library